000 00309nam a2200121Ia 4500
005 20260328104337.0
008 260328s9999||||xx |||||||||||||| ||und||
100 _aVillegas, Benjamín
245 0 _aSeis Arquitectos /
_cBenjamín Villegas
260 _bVillegas Editores
650 _aARQUITECTOS
942 _cBK
999 _c11963
_d11963